000 00923cam a22002891 4500
999 _c328677
_d328677
001 9781761
003 Nust
005 20180710045207.0
008 780322s1951 enk 000 0 eng
010 _a 52033373
015 _aGB51-8957
020 _a9780144000180
_cRs. 436
035 _a(OCoLC)3739179
038 _aArshad
040 _aDLC
_cNmU
_dOCoLC
_dUk
_dDLC
050 0 0 _aDS422.C5
_bA6
082 _a915.4
_bANA
100 1 _aAnand, Mulk Raj,
_d1905-2004.
_911532
245 1 0 _aSeven summers;
_bthe story of an Indian childhood.
260 _aLondon
_aNew York,
_bPublished for Hutchinson International Authors by Hutchinson,
_c1951.
300 _a240 p.
_c19 cm.
600 1 0 _aAnand, Mulk Raj,
_d1905-2004
_xChildhood and youth.
_911533
650 0 _aChildren
_zIndia.
_911534
651 0 _aIndia
_xSocial life and customs.
_911228
906 _a7
_bcbc
_coclcrpl
_du
_encip
_f19
_gy-gencatlg
942 _2ddc
_cBK